[Event "Titled Tuesday intern op 21st Dec"]
[Site "Chess.com INT"]
[Date "2021.12.21"]
[Round "6"]
[White "Tzoumbas, Anastasios"]
[Black "Van Osch, Mees"]
[Result "1-0"]
[WhiteElo "2287"]
[BlackElo "2364"]
[PlyCount "85"]
[EventDate "2021.12.21"]
[EventType "swiss (blitz)"]
[EventRounds "11"]
[EventCountry "USA"]
[SourceTitle "CBM 205 Extra"]
[Source "ChessBase"]
[SourceDate "2022.01.31"]
[SourceVersion "1"]
[SourceVersionDate "2022.01.31"]
[SourceQuality "1"]

1. e4 c5 2. c3 d5 3. exd5 Nf6 4. Nf3 Nxd5 5. d4 cxd4 6. cxd4 Nc6 7. a3 Bg4 8. Be2 e6 9. O-O Bd6 10. Nc3 O-O 11. Nxd5 exd5 12. Be3 Re8 13. h3 Bf5 14. b4 a5 15. b5 Nb8 16. a4 Nd7 17. Nd2 Rc8 18. Nb3 Bb4 19. Rc1 Nb6 20. Nc5 Ba3 21. Nxb7 Rxc1 22. Bxc1 Qe7 23. Bxa3 Qxa3 24. Nxa5 Qxa4 25. Qxa4 Nxa4 26. Bf3 Nc3 27. b6 Be4 28. Bxe4 dxe4 29. Nc6 Ne2+ 30. Kh2 Nxd4 31. Nxd4 Rb8 32. Rc1 Kf8 33. Rc6 Ke7 34. Nb5 Kd8 35. Rd6+ Ke7 36. Kg3 g5 37. Kg4 f6 38. Kf5 Ra8 39. b7 Rb8 40. Rb6 e3 41. fxe3 h5 42. Nd4 g4 43. Nc6+ 1-0

[Event "Titled Tuesday intern op 21st Dec"]
[Site "Chess.com INT"]
[Date "2021.12.21"]
[Round "6"]
[White "Unver, Cumali"]
[Black "Juhasz, Agoston"]
[Result "0-1"]
[WhiteElo "2046"]
[BlackElo "2378"]
[PlyCount "118"]
[EventDate "2021.12.21"]
[EventType "swiss (blitz)"]
[EventRounds "11"]
[EventCountry "USA"]
[SourceTitle "CBM 205 Extra"]
[Source "ChessBase"]
[SourceDate "2022.01.31"]
[SourceVersion "1"]
[SourceVersionDate "2022.01.31"]
[SourceQuality "1"]

1. e4 e6 2. d3 d5 3. Nd2 c5 4. Ngf3 Nc6 5. g3 Bd6 6. Bg2 Nge7 7. O-O O-O 8. b3 b5 9. a4 bxa4 10. Rxa4 a5 11. Bb2 Ba6 12. Re1 Bb5 13. Ra1 a4 14. bxa4 Rxa4 15. Rxa4 Bxa4 16. Ba3 Nd4 17. Nxd4 cxd4 18. Bxd6 Qxd6 19. Nb3 Bxb3 20. cxb3 Rc8 21. exd5 Nxd5 22. Bxd5 Qxd5 23. Qb1 h5 24. h4 Rc3 25. b4 Qb3 26. b5 Qd5 27. b6 Rb3 28. Qa2 Rxb6 29. Qxd5 exd5 30. Re5 Rb5 31. Rxh5 f6 32. Rf5 Kf7 33. Rf4 Rb4 34. Kg2 g6 35. Rf3 f5 36. Rf4 Kf6 37. Kf3 Ke5 38. Kg2 Rb3 39. Rf3 Rb2 40. Rf4 Rc2 41. Rf3 Rd2 42. Kf1 Ke6 43. Kg2 Kd6 44. Kh3 Ke5 45. Kg2 Rb2 46. Kh3 Rb3 47. Kg2 Ra3 48. Kh3 Kf6 49. Kg2 Ra6 50. Kh3 Re6 51. Kg2 Re1 52. Kh2 Re2 53. Kg2 Rd2 54. Kh2 Ke6 55. Kg2 Kd6 56. Kh3 Ke7 57. g4 Kf6 58. gxf5 gxf5 59. Kg3 Rd1 0-1

[Event "Titled Tuesday intern op 21st Dec"]
[Site "Chess.com INT"]
[Date "2021.12.21"]
[Round "6"]
[White "Valgmae, Toomas"]
[Black "Zarnicki, Pablo Adrian"]
[Result "1-0"]
[WhiteElo "2270"]
[BlackElo "2514"]
[PlyCount "35"]
[EventDate "2021.12.21"]
[EventType "swiss (blitz)"]
[EventRounds "11"]
[EventCountry "USA"]
[SourceTitle "CBM 205 Extra"]
[Source "ChessBase"]
[SourceDate "2022.01.31"]
[SourceVersion "1"]
[SourceVersionDate "2022.01.31"]
[SourceQuality "1"]

1. d4 Nf6 2. c4 g6 3. Nc3 Bg7 4. e4 O-O 5. Be2 d6 6. Bg5 h6 7. Bf4 Nc6 8. Nf3 e5 9. dxe5 Nh5 10. Be3 dxe5 11. Qxd8 Rxd8 12. Nd5 Rd7 13. O-O-O Nd8 14. Nxc7 Nf4 15. Bxf4 Rxc7 16. Rxd8+ Kh7 17. Bxe5 f6 18. Bxc7 1-0

[Event "Titled Tuesday intern op 21st Dec"]
[Site "Chess.com INT"]
[Date "2021.12.21"]
[Round "6"]
[White "Vlassov, Nikolai"]
[Black "Perez Leiva, Jerzy Jesus"]
[Result "1-0"]
[WhiteElo "2294"]
[BlackElo "2384"]
[PlyCount "61"]
[EventDate "2021.12.21"]
[EventType "swiss (blitz)"]
[EventRounds "11"]
[EventCountry "USA"]
[SourceTitle "CBM 205 Extra"]
[Source "ChessBase"]
[SourceDate "2022.01.31"]
[SourceVersion "1"]
[SourceVersionDate "2022.01.31"]
[SourceQuality "1"]

1. e4 c5 2. c3 Nf6 3. e5 Nd5 4. d4 cxd4 5. cxd4 d6 6. Bc4 Nb6 7. Bb3 d5 8. Nc3 Nc6 9. Be3 h5 10. Nf3 Bg4 11. h3 Bxf3 12. Qxf3 e6 13. O-O Rc8 14. Qg3 Ne7 15. Bg5 a6 16. f4 Nf5 17. Bxd8 Nxg3 18. Bxb6 Nxf1 19. Rxf1 Bb4 20. Ba4+ Ke7 21. f5 f6 22. fxe6 Bxc3 23. exf6+ gxf6 24. bxc3 Kxe6 25. Re1+ Kf7 26. Bc5 b5 27. Re7+ Kg6 28. Bc2+ Kg5 29. Rg7+ Kf4 30. Kf2 h4 31. Bd6# 1-0

[Event "Titled Tuesday intern op 21st Dec"]
[Site "Chess.com INT"]
[Date "2021.12.21"]
[Round "6"]
[White "Wagner, Dennis"]
[Black "Devaev, Alexander"]
[Result "1-0"]
[WhiteElo "2584"]
[BlackElo "2325"]
[PlyCount "95"]
[EventDate "2021.12.21"]
[EventType "swiss (blitz)"]
[EventRounds "11"]
[EventCountry "USA"]
[SourceTitle "CBM 205 Extra"]
[Source "ChessBase"]
[SourceDate "2022.01.31"]
[SourceVersion "1"]
[SourceVersionDate "2022.01.31"]
[SourceQuality "1"]

1. d4 Nf6 2. c4 e6 3. Nc3 Bb4 4. e3 c5 5. Nf3 cxd4 6. exd4 d5 7. cxd5 Nxd5 8. Bd2 Nc6 9. Bd3 O-O 10. O-O Be7 11. a3 Bf6 12. Qc2 h6 13. Nxd5 Qxd5 14. Bh7+ Kh8 15. Be4 Qd6 16. Rad1 Bd7 17. Be3 Rac8 18. Qd2 Ne7 19. Bf4 Qb6 20. Bxh6 Bc6 21. Bxc6 Nxc6 22. Be3 Qb5 23. Qd3 Qh5 24. Qe4 Rfd8 25. g4 Qh7 26. Qxh7+ Kxh7 27. g5 Be7 28. Rc1 Rd5 29. Rc4 Rcd8 30. Kg2 g6 31. h4 Bf8 32. Rfc1 Bg7 33. b4 a6 34. Kg3 R8d7 35. Rxc6 bxc6 36. Rxc6 e5 37. dxe5 Bxe5+ 38. Nxe5 Rxe5 39. Rxa6 Rd3 40. a4 Re4 41. b5 Rb4 42. b6 Ra3 43. a5 f5 44. gxf6 Kg8 45. Ra7 Kf8 46. b7 Rab3 47. a6 Kf7 48. b8=Q+ 1-0

[Event "Titled Tuesday intern op 21st Dec"]
[Site "Chess.com INT"]
[Date "2021.12.21"]
[Round "6"]
[White "Weishaeutel, Moritz"]
[Black "Luberanski, Jakub"]
[Result "1-0"]
[WhiteElo "2371"]
[BlackElo "2166"]
[PlyCount "125"]
[EventDate "2021.12.21"]
[EventType "swiss (blitz)"]
[EventRounds "11"]
[EventCountry "USA"]
[SourceTitle "CBM 205 Extra"]
[Source "ChessBase"]
[SourceDate "2022.01.31"]
[SourceVersion "1"]
[SourceVersionDate "2022.01.31"]
[SourceQuality "1"]

1. e4 c6 2. Nc3 d5 3. Nf3 dxe4 4. Nxe4 Nf6 5. Qe2 Nxe4 6. Qxe4 Qd5 7. Qf4 Qf5 8. Qg3 Qxc2 9. Be2 Qg6 10. Qc7 Na6 11. Bxa6 bxa6 12. O-O Qd6 13. Qa5 g6 14. b3 Bg7 15. d4 Qd5 16. Qb4 O-O 17. Qxe7 Bg4 18. Ne5 Rfe8 19. Qh4 Qxd4 20. Be3 Qxe5 21. Qxg4 Qxa1 22. Rxa1 Bxa1 23. Qc4 Rad8 24. h4 Rd1+ 25. Kh2 Be5+ 26. g3 Red8 27. Qxa6 Bd4 28. Bxd4 R1xd4 29. Qxa7 Rd2 30. a4 R8d3 31. Qb6 Ra2 32. a5 Rdd2 33. Kg2 Ra3 34. b4 Rb3 35. Qb8+ Kg7 36. Qe5+ Kh6 37. Qc5 Ra2 38. Qxc6 Rxb4 39. Qc3 Rba4 40. Qe3+ Kg7 41. Qe5+ Kg8 42. h5 gxh5 43. Qg5+ Kf8 44. Qh6+ Kg8 45. Qg5+ Kf8 46. Qxh5 Rxa5 47. Qxh7 R5a3 48. Qh8+ Ke7 49. Qe5+ Kd7 50. Qf6 Ke8 51. g4 Kf8 52. g5 Ra5 53. g6 Ra7 54. Qh8+ Ke7 55. g7 R2a6 56. g8=Q Rg6+ 57. Qxg6 fxg6 58. Qg7+ Ke6 59. Qxa7 Kf5 60. Qe3 Kf6 61. Qf4+ Kg7 62. Qg5 Kh7 63. Kg3 1-0

[Event "Titled Tuesday intern op 21st Dec"]
[Site "Chess.com INT"]
[Date "2021.12.21"]
[Round "6"]
[White "Winkels, Marcel"]
[Black "Makhmudov, Shukhrat"]
[Result "0-1"]
[WhiteElo "1979"]
[BlackElo "2115"]
[PlyCount "68"]
[EventDate "2021.12.21"]
[EventType "swiss (blitz)"]
[EventRounds "11"]
[EventCountry "USA"]
[SourceTitle "CBM 205 Extra"]
[Source "ChessBase"]
[SourceDate "2022.01.31"]
[SourceVersion "1"]
[SourceVersionDate "2022.01.31"]
[SourceQuality "1"]

1. e4 e5 2. Nf3 Nc6 3. Bc4 Nf6 4. d3 Bc5 5. c3 Bb6 6. O-O O-O 7. h3 d6 8. a4 a6 9. b4 Ne7 10. Bb2 c6 11. a5 Bc7 12. d4 Nxe4 13. Re1 d5 14. Bd3 exd4 15. Bxe4 dxe4 16. Rxe4 dxc3 17. Qxd8 Rxd8 18. Bxc3 Nd5 19. Be1 Bf5 20. Re2 Nf4 21. Rd2 Rxd2 22. Bxd2 Rd8 23. Nc3 f6 24. Rd1 Bc2 25. Re1 Kf7 26. Ne4 Nd3 27. Ra1 Ne5 28. Nc5 Nxf3+ 29. gxf3 Rxd2 30. Nxb7 Rd1+ 31. Rxd1 Bxd1 32. Kf1 Bxf3 33. Nc5 Bd5 34. Nxa6 Bc4+ 0-1

[Event "Titled Tuesday intern op 21st Dec"]
[Site "Chess.com INT"]
[Date "2021.12.21"]
[Round "7"]
[White "Agasarov, Benik"]
[Black "Triapishko, Alexandr"]
[Result "0-1"]
[WhiteElo "2205"]
[BlackElo "2506"]
[PlyCount "52"]
[EventDate "2021.12.21"]
[EventType "swiss (blitz)"]
[EventRounds "11"]
[EventCountry "USA"]
[SourceTitle "CBM 205 Extra"]
[Source "ChessBase"]
[SourceDate "2022.01.31"]
[SourceVersion "1"]
[SourceVersionDate "2022.01.31"]
[SourceQuality "1"]

1. e4 c5 2. Nf3 Nc6 3. Bb5 h6 4. d4 cxd4 5. Nxd4 Qb6 6. Be3 Nxd4 7. a4 e5 8. c3 Bc5 9. b4 Nc2+ 10. Qxc2 Bxe3 11. fxe3 Qxe3+ 12. Qe2 Qc1+ 13. Qd1 Qxd1+ 14. Kxd1 Nf6 15. Nd2 Ke7 16. Kc2 d6 17. Bd3 Be6 18. a5 Rac8 19. a6 b6 20. Kb2 d5 21. Rhe1 Rhd8 22. Bc2 d4 23. cxd4 Rxd4 24. Nf3 Rxb4+ 25. Ka3 Rb5 26. Bd3 Rb3+ 0-1

[Event "Titled Tuesday intern op 21st Dec"]
[Site "Chess.com INT"]
[Date "2021.12.21"]
[Round "7"]
[White "Arias Gaviria, Mario Alexis"]
[Black "Csonka, Balazs"]
[Result "0-1"]
[WhiteElo "2181"]
[BlackElo "2480"]
[PlyCount "52"]
[EventDate "2021.12.21"]
[EventType "swiss (blitz)"]
[EventRounds "11"]
[EventCountry "USA"]
[SourceTitle "CBM 205 Extra"]
[Source "ChessBase"]
[SourceDate "2022.01.31"]
[SourceVersion "1"]
[SourceVersionDate "2022.01.31"]
[SourceQuality "1"]

1. d4 Nf6 2. Nf3 d5 3. Bf4 c5 4. e3 Nc6 5. c3 Qb6 6. Qb3 c4 7. Qc2 Bf5 8. Qc1 e6 9. h3 h6 10. Nbd2 Be7 11. g4 Bh7 12. Bg2 O-O 13. O-O Qd8 14. b3 b5 15. a4 a6 16. Ne5 Nxe5 17. dxe5 Nd7 18. axb5 axb5 19. Rxa8 Qxa8 20. bxc4 bxc4 21. Nxc4 Bd3 22. Nd2 Bxf1 23. Bxf1 Rc8 24. Bb5 Nb6 25. Bd3 Qa3 26. Nb1 Qxc1+ 0-1

[Event "Titled Tuesday intern op 21st Dec"]
[Site "Chess.com INT"]
[Date "2021.12.21"]
[Round "7"]
[White "Begunov, Konstantin"]
[Black "Coto Mederos, Michel"]
[Result "0-1"]
[WhiteElo "2325"]
[BlackElo "2348"]
[PlyCount "120"]
[EventDate "2021.12.21"]
[EventType "swiss (blitz)"]
[EventRounds "11"]
[EventCountry "USA"]
[SourceTitle "CBM 205 Extra"]
[Source "ChessBase"]
[SourceDate "2022.01.31"]
[SourceVersion "1"]
[SourceVersionDate "2022.01.31"]
[SourceQuality "1"]

1. d4 g6 2. c4 Bg7 3. Nc3 d6 4. e4 Nc6 5. Be3 e5 6. Nge2 f5 7. exf5 gxf5 8. dxe5 Nxe5 9. Nf4 Nf6 10. h3 O-O 11. Be2 Bd7 12. O-O Re8 13. Qd2 Bc6 14. Rfe1 Ne4 15. Nxe4 Bxe4 16. Nh5 Re6 17. Bg5 Qe8 18. Nf4 Kh8 19. Bf1 Rg6 20. Nxg6+ Qxg6 21. Kh2 Rg8 22. Qf4 Bf8 23. f3 Bc6 24. Rxe5 dxe5 25. Qxe5+ Bg7 26. Qf4 Bxb2 27. Rb1 Bc3 28. Bh4 Re8 29. Bg3 Be5 30. Qxe5+ Rxe5 31. Bxe5+ Kg8 32. Rd1 Qe8 33. f4 b6 34. Rd3 Be4 35. Rg3+ Kf7 36. Be2 Qa4 37. Rg7+ Ke6 38. Rxh7 Qc2 39. Rh6+ Ke7 40. Bf1 Qf2 41. Rh7+ Ke6 42. Rh6+ Kd7 43. Rh7+ Kd8 44. Bxc7+ Kc8 45. c5 bxc5 46. Ba6+ Bb7 47. Bxb7+ Kxb7 48. Be5+ Kc6 49. Rh6+ Kb5 50. Rf6 Qxa2 51. Rxf5 Qc2 52. Rf8 Qe2 53. h4 c4 54. Rb8+ Kc6 55. Rc8+ Kd5 56. Kh3 Ke4 57. h5 Qxh5+ 58. Kg3 Qg6+ 59. Kf2 Qa6 60. Rc5 Qb6 0-1

[Event "Titled Tuesday intern op 21st Dec"]
[Site "Chess.com INT"]
[Date "2021.12.21"]
[Round "7"]
[White "Bonte, Andrei Mihai"]
[Black "Chernyavsky, Alexander"]
[Result "1/2-1/2"]
[WhiteElo "2340"]
[BlackElo "2327"]
[PlyCount "146"]
[EventDate "2021.12.21"]
[EventType "swiss (blitz)"]
[EventRounds "11"]
[EventCountry "USA"]
[SourceTitle "CBM 205 Extra"]
[Source "ChessBase"]
[SourceDate "2022.01.31"]
[SourceVersion "1"]
[SourceVersionDate "2022.01.31"]
[SourceQuality "1"]

1. d4 d5 2. Nf3 Nf6 3. Bf4 c5 4. e3 Qb6 5. Qc1 Nc6 6. c3 Bf5 7. Nh4 Be4 8. f3 Bxb1 9. Qxb1 e6 10. g4 cxd4 11. exd4 h6 12. Ng2 g5 13. Be3 Bd6 14. Bd3 O-O-O 15. Qc2 Qc7 16. h4 Bg3+ 17. Bf2 Kb8 18. Bxg3 Qxg3+ 19. Qf2 Qxf2+ 20. Kxf2 e5 21. dxe5 Nxe5 22. Be2 d4 23. cxd4 Nc6 24. Rad1 Rhe8 25. hxg5 hxg5 26. Rh6 Nd5 27. Bb5 Nde7 28. d5 Nxd5 29. Bxc6 bxc6 30. Rxc6 Nb4 31. Rxd8+ Rxd8 32. Rf6 Rd2+ 33. Kg3 Rxb2 34. Rxf7 Rxa2 35. Rf5 Nd3 36. Rxg5 a5 37. Ne3 a4 38. Nc4 Rc2 39. Rb5+ Kc7 40. Ne5 Nxe5 41. Rxe5 a3 42. Ra5 a2 43. f4 Kb6 44. Ra3 Kb5 45. g5 Rc3+ 46. Rxc3 a1=Q 47. Rf3 Qg1+ 48. Kh3 Kc6 49. Rg3 Qd1 50. g6 Qh5+ 51. Kg2 Qd5+ 52. Kh2 Qh5+ 53. Kg2 Qe2+ 54. Kg1 Qe1+ 55. Kg2 Qd2+ 56. Kg1 Qxf4 57. Rg2 Qe3+ 58. Kf1 Qf3+ 59. Kg1 Qd1+ 60. Kh2 Qd6+ 61. Kg1 Qd4+ 62. Kh1 Qh4+ 63. Kg1 Qf6 64. g7 Qd4+ 65. Kh2 Qe5+ 66. Kg1 Qe1+ 67. Kh2 Qh4+ 68. Kg1 Qd4+ 69. Kh1 Qd1+ 70. Kh2 Qh5+ 71. Kg1 Qc5+ 72. Kh2 Qd6+ 73. Kg1 Qd4+ 1/2-1/2

[Event "Titled Tuesday intern op 21st Dec"]
[Site "Chess.com INT"]
[Date "2021.12.21"]
[Round "7"]
[White "Budrewicz, Krzysztof"]
[Black "Chernomordik, Pavel"]
[Result "0-1"]
[WhiteElo "2183"]
[BlackElo "2182"]
[PlyCount "122"]
[EventDate "2021.12.21"]
[EventType "swiss (blitz)"]
[EventRounds "11"]
[EventCountry "USA"]
[SourceTitle "CBM 205 Extra"]
[Source "ChessBase"]
[SourceDate "2022.01.31"]
[SourceVersion "1"]
[SourceVersionDate "2022.01.31"]
[SourceQuality "1"]

1. d4 g6 2. c4 Bg7 3. Nc3 d6 4. e4 c6 5. Nf3 a6 6. a4 a5 7. Be2 Na6 8. O-O Nf6 9. h3 O-O 10. e5 dxe5 11. Nxe5 Nd7 12. f4 c5 13. Nb5 cxd4 14. Qxd4 Nxe5 15. Qxd8 Rxd8 16. fxe5 Bxe5 17. Bf3 Nc5 18. Be3 Nb3 19. Rad1 Bf5 20. Bxb7 Rab8 21. Bd5 e6 22. Bf3 Bc2 23. Rxd8+ Rxd8 24. c5 Nd2 25. Bb7 Nxf1 26. Kxf1 Bxa4 27. Na7 Bxb2 28. c6 Be5 29. Bb6 Rd2 30. Bxa5 Ra2 31. Bb6 Bxc6 32. Nxc6 Rb2 33. Nxe5 Rxb6 34. Bf3 Kg7 35. Kf2 Rb2+ 36. Kg3 f6 37. Nd3 Rb3 38. Nc5 Rb6 39. Kf4 Kf7 40. h4 Rb4+ 41. Kg3 Rc4 42. Ne4 Ke7 43. h5 g5 44. h6 Rd4 45. Kf2 Kf7 46. Nc5 Rh4 47. Bb7 Rxh6 48. Bc8 f5 49. Kf3 Ke7 50. g3 Kd6 51. Nd7 Kc7 52. Ne5 Kxc8 53. Nf7 Rg6 54. Ne5 Rg7 55. g4 Kc7 56. Nc4 Rf7 57. Ne5 Rf8 58. Nc4 fxg4+ 59. Kg3 Rf4 60. Ne5 Kd6 61. Nd3 Rf3+ 0-1

[Event "Titled Tuesday intern op 21st Dec"]
[Site "Chess.com INT"]
[Date "2021.12.21"]
[Round "7"]
[White "Chernov, Alexander A"]
[Black "Pandey, Srishti"]
[Result "0-1"]
[WhiteElo "2314"]
[BlackElo "2177"]
[PlyCount "128"]
[EventDate "2021.12.21"]
[EventType "swiss (blitz)"]
[EventRounds "11"]
[EventCountry "USA"]
[SourceTitle "CBM 205 Extra"]
[Source "ChessBase"]
[SourceDate "2022.01.31"]
[SourceVersion "1"]
[SourceVersionDate "2022.01.31"]
[SourceQuality "1"]

1. e4 e5 2. Nf3 Nc6 3. Bb5 a6 4. Ba4 Nf6 5. O-O b5 6. Bb3 Bc5 7. c3 d6 8. d4 Bb6 9. h3 O-O 10. Re1 Bb7 11. a4 h6 12. Na3 exd4 13. cxd4 Na5 14. Bc2 b4 15. Nb1 c5 16. Nbd2 cxd4 17. Nb3 Nxb3 18. Bxb3 Nxe4 19. Nxd4 Nxf2 20. Qd2 Ne4 21. Qd1 Qh4 22. Be3 Qg3 23. Qf3 Qxf3 24. Nxf3 Bxe3+ 25. Rxe3 Nc5 26. Rd1 Rfe8 27. Rxe8+ Rxe8 28. Bd5 Bxd5 29. Rxd5 Re6 30. Rd4 a5 31. Rd5 Nxa4 32. Rxa5 Nc5 33. Rb5 b3 34. Nd4 Re3 35. Rb6 Rd3 36. Nf5 Ne4 37. Rb8+ Kh7 38. Re8 d5 39. Re7 Kg6 40. Nh4+ Kf6 41. Rb7 g5 42. Nf3 Nc5 43. Rb5 Ne4 44. Kh2 Kg6 45. Rb6+ Kg7 46. Rb7 Nf6 47. Rxf7+ Kxf7 48. Ne5+ Ke6 49. Nxd3 Ne4 50. g4 Kd6 51. Kg2 Nc5 52. Nc1 Ke5 53. h4 Kf4 54. Kh3 d4 55. Ne2+ Ke3 56. Ng3 d3 57. Nf5+ Kf4 58. hxg5 hxg5 59. Nd4 d2 60. Ne2+ Ke3 61. Nc3 Ne4 62. Nd1+ Ke2 63. Kg2 Kxd1 64. Kf1 Kc2 0-1

[Event "Titled Tuesday intern op 21st Dec"]
[Site "Chess.com INT"]
[Date "2021.12.21"]
[Round "7"]
[White "Clawitter, Craig"]
[Black "Redzisz, Michal"]
[Result "1-0"]
[WhiteElo "2050"]
[BlackElo "2261"]
[PlyCount "56"]
[EventDate "2021.12.21"]
[EventType "swiss (blitz)"]
[EventRounds "11"]
[EventCountry "USA"]
[SourceTitle "CBM 205 Extra"]
[Source "ChessBase"]
[SourceDate "2022.01.31"]
[SourceVersion "1"]
[SourceVersionDate "2022.01.31"]
[SourceQuality "1"]

1. e4 c5 2. Nf3 d6 3. d4 cxd4 4. Nxd4 Nf6 5. Nc3 g6 6. Be3 Bg7 7. f3 O-O 8. Qd2 Nc6 9. Bc4 Bd7 10. O-O-O Rc8 11. Bb3 Ne5 12. Kb1 Nc4 13. Bxc4 Rxc4 14. g4 b5 15. b3 b4 16. bxc4 bxc3 17. Qxc3 Qb6+ 18. Kc1 Rc8 19. Nf5 Qa6 20. Nxe7+ Kh8 21. Nxc8 Nxg4 22. Bd4 Bxd4 23. Qxd4+ Ne5 24. Nxd6 f6 25. f4 Qa3+ 26. Kb1 Ng4 27. h3 Qb4+ 28. Ka1 Qe1 1-0

[Event "Titled Tuesday intern op 21st Dec"]
[Site "Chess.com INT"]
[Date "2021.12.21"]
[Round "7"]
[White "Demchenko, Anton"]
[Black "Al Hosani, Omran"]
[Result "1-0"]
[WhiteElo "2654"]
[BlackElo "2202"]
[PlyCount "135"]
[EventDate "2021.12.21"]
[EventType "swiss (blitz)"]
[EventRounds "11"]
[EventCountry "USA"]
[SourceTitle "CBM 205 Extra"]
[Source "ChessBase"]
[SourceDate "2022.01.31"]
[SourceVersion "1"]
[SourceVersionDate "2022.01.31"]
[SourceQuality "1"]

1. e4 e5 2. Nf3 Nf6 3. Nxe5 d6 4. Nf3 Nxe4 5. d4 d5 6. Bd3 Be7 7. O-O O-O 8. Nbd2 Nd6 9. Re1 Re8 10. Nf1 g6 11. Ng3 Nc6 12. c3 Bf6 13. Rxe8+ Nxe8 14. Bf4 Ne7 15. Be5 Bxe5 16. Nxe5 Ng7 17. Qb3 c6 18. Re1 Rb8 19. Qa3 a5 20. h3 Nef5 21. Ng4 Be6 22. Nxf5 Nxf5 23. Bxf5 Bxf5 24. Nh6+ Kg7 25. Nxf5+ gxf5 26. Re5 Qg5 27. g3 Rf8 28. Kg2 b6 29. Qd6 Qg6 30. Qe7 Qf6 31. Qd7 f4 32. Qg4+ Kh8 33. Qxf4 Qxf4 34. gxf4 Kg7 35. Re7 Rc8 36. a4 c5 37. dxc5 Rxc5 38. Rb7 Rc4 39. Kf3 Rxa4 40. Rxb6 d4 41. b3 Ra3 42. cxd4 a4 43. Ke4 axb3 44. h4 Ra2 45. Rxb3 Rxf2 46. d5 Kf6 47. Rb6+ Ke7 48. Rb7+ Kf6 49. Rb6+ Ke7 50. Rh6 Re2+ 51. Kf5 Rd2 52. Ke4 Re2+ 53. Kd3 Rf2 54. Ke3 Ra2 55. Rxh7 Ra3+ 56. Ke4 Ra4+ 57. Ke5 Ra5 58. h5 Kf8 59. h6 Kg8 60. Rg7+ Kf8 61. Rg1 Ra6 62. Rh1 Ke7 63. h7 f6+ 64. Kf5 Ra5 65. h8=Q Rxd5+ 66. Ke4 Rd6 67. Rh7+ Ke6 68. Qe8# 1-0

[Event "Titled Tuesday intern op 21st Dec"]
[Site "Chess.com INT"]
[Date "2021.12.21"]
[Round "7"]
[White "Doluhanova, Evgeniya"]
[Black "Martinez, Shawn"]
[Result "0-1"]
[WhiteElo "2264"]
[BlackElo "1881"]
[PlyCount "90"]
[EventDate "2021.12.21"]
[EventType "swiss (blitz)"]
[EventRounds "11"]
[EventCountry "USA"]
[SourceTitle "CBM 205 Extra"]
[Source "ChessBase"]
[SourceDate "2022.01.31"]
[SourceVersion "1"]
[SourceVersionDate "2022.01.31"]
[SourceQuality "1"]

1. d4 Nf6 2. Nf3 g6 3. Nbd2 d6 4. e4 Bg7 5. Bb5+ c6 6. Bd3 O-O 7. a4 Nbd7 8. O-O e5 9. dxe5 Nxe5 10. Nxe5 dxe5 11. Nc4 Qc7 12. a5 Be6 13. Qe1 Nh5 14. Qb4 Rad8 15. Be3 Nf4 16. Bxa7 Nxd3 17. cxd3 Rxd3 18. Bc5 Ra8 19. Rfd1 Rad8 20. Rxd3 Rxd3 21. h3 Qd7 22. Kh2 f5 23. Nb6 Qf7 24. exf5 gxf5 25. Ra3 Rxa3 26. Qxa3 f4 27. Qd3 Bf6 28. b4 Bh4 29. Qd6 f3 30. g3 Bf6 31. Nc8 Bxc8 32. Qb8 Qd7 33. g4 h5 34. Bd6 hxg4 35. Bxe5 Be7 36. Bg3 Bxb4 37. Qf4 Bf8 38. Qg5+ Bg7 39. hxg4 Qxg4 40. Qd8+ Kh7 41. Kg1 Qh3 42. Qd3+ Bf5 43. Qxf3 Be6 44. Qe3 Bd5 45. Qd3+ Kh8 0-1

[Event "Titled Tuesday intern op 21st Dec"]
[Site "Chess.com INT"]
[Date "2021.12.21"]
[Round "7"]
[White "Dylag, Emilia"]
[Black "Kalajzic, Ivan"]
[Result "0-1"]
[WhiteElo "1956"]
[BlackElo "2108"]
[PlyCount "72"]
[EventDate "2021.12.21"]
[EventType "swiss (blitz)"]
[EventRounds "11"]
[EventCountry "USA"]
[SourceTitle "CBM 205 Extra"]
[Source "ChessBase"]
[SourceDate "2022.01.31"]
[SourceVersion "1"]
[SourceVersionDate "2022.01.31"]
[SourceQuality "1"]

1. d4 Nc6 2. c4 e5 3. d5 Nce7 4. Nc3 Nf6 5. e4 Ng6 6. g3 Bc5 7. h3 d6 8. Bd3 O-O 9. Nge2 a5 10. g4 Nh4 11. Ng1 h6 12. Rh2 Nh7 13. Nf3 Ng6 14. Ne2 Ng5 15. Ng3 Nxh3 16. Rxh3 Bxg4 17. Rh2 Qd7 18. Be2 f5 19. exf5 Bxf5 20. Nxf5 Qxf5 21. Be3 Bb4+ 22. Bd2 Nf4 23. Bxb4 axb4 24. Nh4 Qe4 25. Qd2 Rf6 26. f3 Qh7 27. b3 e4 28. O-O-O Re8 29. fxe4 Qxe4 30. Bd3 Qe5 31. Kb1 Nxd3 32. Rhh1 Nf2 33. Rde1 Ne4 34. Qd3 Nc3+ 35. Kc2 Rf2+ 36. Kc1 Qxe1+ 0-1

[Event "Titled Tuesday intern op 21st Dec"]
[Site "Chess.com INT"]
[Date "2021.12.21"]
[Round "7"]
[White "Einarsson, Halldor Gretar"]
[Black "Hasman, Cengiz"]
[Result "0-1"]
[WhiteElo "2207"]
[BlackElo "2101"]
[PlyCount "124"]
[EventDate "2021.12.21"]
[EventType "swiss (blitz)"]
[EventRounds "11"]
[EventCountry "USA"]
[SourceTitle "CBM 205 Extra"]
[Source "ChessBase"]
[SourceDate "2022.01.31"]
[SourceVersion "1"]
[SourceVersionDate "2022.01.31"]
[SourceQuality "1"]

1. d4 d6 2. c4 Nf6 3. Nc3 g6 4. e4 Bg7 5. f3 O-O 6. Be3 a6 7. Qd2 Nbd7 8. O-O-O c6 9. h4 h5 10. Nh3 b5 11. Bh6 Qa5 12. Kb1 b4 13. Ne2 e5 14. Bxg7 Kxg7 15. Qg5 Nh7 16. Qe7 Qc7 17. dxe5 dxe5 18. Ng3 Rb8 19. Ng5 Nxg5 20. hxg5 Qd8 21. Qd6 Qb6 22. Rxh5 Qc5 23. Nf5+ Kg8 24. Ne7+ Kg7 25. Qxc5 Nxc5 26. Nxc6 Rb6 27. Nxe5 gxh5 28. Rd5 Ne6 29. Nd3 Bb7 30. Ra5 Rd8 31. Kc2 Rbd6 32. b3 Nd4+ 33. Kd2 Nc6 34. Rc5 h4 35. f4 Nd4 36. Ke3 Nc2+ 37. Kf3 Rxd3+ 38. Bxd3 Rxd3+ 39. Kg4 Ne3+ 40. Kxh4 Bxe4 41. Re5 Bxg2 42. f5 Nxf5+ 43. Rxf5 Rd2 44. Ra5 Rd6 45. c5 Rc6 46. Kg3 Bf1 47. Kf4 Bb5 48. Ke5 Rxc5+ 49. Kd4 Rxg5 50. a4 bxa3 51. Rxa3 Rg4+ 52. Kc5 Re4 53. Kb6 f5 54. Ra2 f4 55. Rg2+ Kf6 56. Rg4 Kf5 57. Rh4 f3 58. Rh8 Kg4 59. Kc5 f2 60. Rg8+ Kf3 61. Rf8+ Ke2 62. Rxf2+ Kxf2 0-1

[Event "Titled Tuesday intern op 21st Dec"]
[Site "Chess.com INT"]
[Date "2021.12.21"]
[Round "7"]
[White "Elissalt Cardenas, Hector"]
[Black "Prohorov, Olexandr"]
[Result "1-0"]
[WhiteElo "2290"]
[BlackElo "2086"]
[PlyCount "75"]
[EventDate "2021.12.21"]
[EventType "swiss (blitz)"]
[EventRounds "11"]
[EventCountry "USA"]
[SourceTitle "CBM 205 Extra"]
[Source "ChessBase"]
[SourceDate "2022.01.31"]
[SourceVersion "1"]
[SourceVersionDate "2022.01.31"]
[SourceQuality "1"]

1. d4 g6 2. c4 Bg7 3. Nc3 c5 4. d5 Bxc3+ 5. bxc3 f5 6. e4 Qa5 7. Bd2 fxe4 8. h4 Nf6 9. Nh3 d6 10. Nf4 Nbd7 11. h5 g5 12. Ne6 h6 13. Ng7+ Kf7 14. Nf5 Ne5 15. Ng3 Bd7 16. Be2 Rhf8 17. O-O Kg7 18. Qc2 Qa4 19. Qb3 Qxb3 20. axb3 a6 21. b4 cxb4 22. cxb4 Rfc8 23. Rfc1 e6 24. dxe6 Bxe6 25. Bc3 Kf7 26. c5 Nd5 27. Bxe5 dxe5 28. Nxe4 Nf4 29. Bf1 Ke7 30. Nd6 Rc7 31. b5 Nxh5 32. b6 Rd7 33. Bb5 Rxd6 34. cxd6+ Kxd6 35. Rc7 Rf8 36. Rd1+ Bd5 37. Bc4 Nf4 38. g3 1-0